Psicología forense: consideraciones sobre temáticas centrales (Registro nro. 13822)
[ vista simple ]
| 000 -Cabecera | |
|---|---|
| Campo de control de longitud fija | 00737aam a2200277 4500 |
| 005 - Fecha y hora de la última transacción | |
| Campo de control | 20250703165650.0 |
| 008 - Elementos de longitud fija--Información general | |
| Campo de control de longitud fija | 250703b2002 xxu||||| |||| 00| 0 spa d |
| 020 ## - International Standard Book Number | |
| Número Internacional Estándar del Libro (ISBN) | 9502007049 |
| 041 ## - Idioma | |
| Código de idioma | Español |
| 082 ## - Clasificación Decimal Dewey | |
| Número de clasificación | 614.15 V293p2 |
| 100 ## - Entrada principal--Autor personal | |
| Nombre personal | Varela H, Osvaldo |
| 100 ## - Entrada principal--Autor personal | |
| Nombre personal | Álvarez R., Héctor |
| 100 ## - Entrada principal--Autor personal | |
| Nombre personal | Sarmiento J., Alfredo |
| 245 ## - Título propiamente dicho | |
| Título | Psicología forense: consideraciones sobre temáticas centrales |
| 250 ## - Edición | |
| Mención de edición | 2 edición |
| 260 ## - Pie de imprenta | |
| Lugar de publicación, distribución, etc. | Argentina |
| 260 ## - Pie de imprenta | |
| Nombre del editor, distribuidor, etc. | Abeledo-Perrot |
| 260 ## - Pie de imprenta | |
| Fecha de publicación, distribución, etc. | 2022 |
| 300 ## - Descripción física | |
| Extensión | 162 páginas |
| 490 ## - Serie | |
| Título de la Serie | Investigación Criminal |
| 650 ## - Materia general | |
| Temática (materia general) | PSICOLOGÍA FORENSE |
| 650 ## - Materia general | |
| Temática (materia general) | CENTROS PENALES |
| 650 ## - Materia general | |
| Temática (materia general) | DELINCUENCIA JUVENIL |
| 650 ## - Materia general | |
| Temática (materia general) | PENA DE MUERTE |
| 942 ## - Punto de acceso adicional KOHA | |
| Tipo de ítem KOHA | Libro |
| Fuente del sistema de clasificación o colocación | Dewey Decimal Classification |
| Signatura completa | Código de barras | Programa Académico | Tipo de ítem |
|---|---|---|---|
| 614.15 V293p | 646 | Investigación Criminal | Libro |